MDQL
is popping MORE tags! Check the
thread
!
Quizzes
Events
Quiz Creation
Community
Videos
Private Events
Remove Ads
Sign In
Join for FREE
Feedback
Dark Mode
Quiz Categories
Sports
Geography
Music
Movies
Television
Just For Fun
Miscellaneous
History
Literature
Language
Science
Gaming
Entertainment
Religion
Holiday
For Kids
Quiz Lab
Recent
Popular Today
Quiz Kudos Today
Editor Picks
Curator Picks
Quizzes by...
Day
Popularity
Type
Ratings
Length
Year
Community
Subscriptions
Recent Discussions
Orange Saloon
Badges
Playlists
Quests
Create
Leaderboards
Showdown
Live 5
Trivia Bingo
Activity
Puzzle Library
Sporcle Events
Private Events
Virtual Trivia
Globe League
Become a Host
Pub Owners
SporcleCon
Opinionation
Our Games
Videos
Blog
Mobile Apps
Partnerships
Remove Ads and Go Orange
Feedback
Music
Pop Music
The Beatles
Song
Album
Lyrics
Bands
Singers
Artist
Clip
Rock
Rap
Classical
Billboard
Country Music
Kpop
Taylor Swift
Music
Pop Music
The Beatles
Song
Album
Lyrics
Bands
Singers
Artist
Clip
Rock
Rap
Classical
Billboard
Country Music
Kpop
Taylor Swift
Random Quiz
Search Sporcle
×
Quiz Lab
Quiz Lab
Music
Kpop Quiz
Type in answers that appear in a list
Type in answers that appear in a list
Classic
Best Score? Go Orange.
How well do you know your k-pop boybands? Stats
Can you name the How well do you know your k-pop boybands??
By
Saff
20m
224 Questions
1,239 Plays
1,239 Plays
1,239 Plays
Comments
Comments
Give Quiz Kudos
Give Quiz Kudos
-
- Ratings
hide this ad
Replay
Link that replays current quiz
Next Quiz
Link to next quiz in quiz playlist
You Got
0%
They Got
Avg Score
45%
Avg Friend Score
Upgrade to see
Score Distribution
Jump to the score distribution portion of the page
Score
0/224
Timer
20:00
0
Plays Today
% Correct
D.O
92.7%
G-Dragon
88.1%
Key
87.7%
Taemin
87.6%
Minho
87.3%
Top
86.8%
Onew
86.7%
Kai
85%
Taeyang
85%
Luhan
83%
Jonghyun
82.6%
Jonghyun
82.6%
Kris
82.6%
Seungri
82.5%
Baekhyun
82.1%
Sehun
82.1%
Tao
81.8%
Daesung
81.8%
Lay
81.5%
Chanyeol
81.2%
Suho
81%
Xiumin
80.6%
Chen
80.3%
Heechul
76.2%
Heechul
76.2%
Siwon
74.3%
Leeteuk
73.1%
Donghae
72.2%
Zico
72%
Zelo
71.3%
Minhyuk
70.7%
Minhyuk
70.7%
Shin
69.9%
Eunhyuk
69.8%
Taecyeon
69.7%
JR
69.3%
JR
69.3%
G.O
69.2%
Shindong
69.1%
Changmin
68.7%
Changmin
68.7%
Henry
68.2%
Kyuhyun
68%
Dongwoo
67.6%
Kevin
67.3%
Kevin
67.3%
Junsu
67.2%
Ryeowook
67.2%
Junsu
67.2%
Kan
66.1%
Hoya
66%
Mir
65.8%
Baro
65.7%
Ren
65.5%
Yoseob
65.1%
Yesung
64.6%
JB
64.1%
Kangin
63.8%
Niel
63.8%
Thunder
63.7%
Kibum
63.4%
Kibum
63.4%
Sungmin
62.9%
Sungmin
62.9%
Daehyun
62.7%
Wooyoung
61.7%
Yunho
61.5%
Sunggyu
61.2%
Woohyun
61%
CNU
60.9%
Junho
60.5%
Himchan
60.5%
Joon
60.3%
Nichkhun
60.2%
Yongguk
60%
% Correct
P.O
59.5%
Jinyoung
59.1%
Jaejoong
59.1%
Leo
59.1%
Youngjae
58.8%
Jay
58.5%
Sungyeol
58.5%
Sungjae
58.5%
Jay
58.5%
Jay
58.5%
Hongki
58.4%
Ilhoon
57.9%
Eli
57.7%
Sandeul
57.5%
Jongup
57.5%
Zhou Mi
57.1%
Ken
57.1%
Ravi
57%
Gongchan
56.6%
Kikwang
56.6%
Chansung
56.3%
CAP
56.1%
L. Joe
55.9%
Sungjong
55.8%
Doojoon
55.6%
Yonghwa
55.5%
Ricky
55.3%
Peniel
54.6%
Dongwoon
54.2%
Hyunseung
53.8%
Seungho
53.4%
Junhyung
51.7%
Hyuk
51.7%
Aron
51.6%
Minwoo
51.5%
Minwoo
51.5%
Minwoo
51.5%
Minwoo
51.5%
Minwoo
51.5%
Yoochun
51.3%
Han Geng
51.3%
Taeil
51.2%
Chunji
50.9%
Eunkwang
50.8%
Dongho
50.6%
B-Bomb
50.6%
U-Kwon
49.9%
Jo Kwon
49.2%
Changjo
48.9%
Hongbin
48.3%
Kiseop
47.9%
AJ
47.7%
Kyung
47.3%
Minhyun
46.7%
Baekho
46.5%
Changsub
46.2%
Hoon
45.2%
Kwangmin
45.2%
Hyunsik
44.9%
Youngmin
44.7%
Soohyun
43.9%
Jaehyo
43.2%
Eric
42.5%
Jungshin
40%
Kwanghee
38.9%
HyunJoong
37.4%
Andy
37.4%
Jinwoon
36.1%
Seulong
34.9%
Siwan
34.5%
Myungsoo
34.1%
Jaejin
32.8%
Donghyun
32.6%
Jeongmin
31.7%
Seunghyun
31%
% Correct
Xander
30.9%
Minhwan
30.3%
Hyungsik
29.5%
Dongjun
28.8%
Rome
27%
Hyunseong
26.9%
Daniel
25.8%
Jonghun
25.3%
HyungJun
25%
Jungmin
24.5%
Takuya
21.1%
Maru
21.1%
Daeryong
20.8%
Junjin
20.3%
T.K
20.2%
Simon
19.9%
Insoo
19.9%
YoungSaeng
19.7%
JunQ
19.5%
Ray
19.5%
Hyesung
19.1%
KyuJong
19.1%
Seyong
19%
Soryong
19%
Junyoung
18.6%
Gunwoo
18.6%
Chaejin
17.5%
Dongwan
17.5%
Kangjun
17.4%
Inati
17.4%
Kimchi
15.7%
Rokhyun
15.7%
Siwoo
15.3%
Taeheon
15.2%
Shorry
15.1%
Aoora
14.9%
Casper
14.3%
Mika
13.7%
Jungmo
13.3%
Changbum
13.2%
Sanghoon
12.9%
Karam
12.7%
Dari
12.5%
Sangchu
11.1%
Jonghwan
11.1%
Jisu
10.7%
Hyukjin
10.6%
Chanyong
10.3%
Jinon
9.8%
Sangmin
9.8%
Hoik
9.5%
Injun
9.4%
Hyeongkon
8.9%
Jaehyung
8.4%
Yejun
8.3%
Ghun
8.3%
Woosang
8.1%
Youngwon
8%
Seungjin
7.8%
J.G
7.7%
Yongseok
7.7%
Hyunmin
7.3%
Yunyoung
7.1%
Seungyub
7%
Zin
6.8%
Daegun
6.7%
Raehyun
6.5%
Hyojun
6.5%
Sulhu
6.1%
Taefung
5.8%
Juwon
5.2%
Haewon
5.1%
Jungwoo
4.7%
Cha Hack Yeon
2.7%
Quiz Playlist
Details
Report
Send in Message
Add To Playlist
Classic:
Type in answers that appear in a list
Last Updated: Feb 16, 2017
Quiz Scoreboard
CHALLENGE
Sign Up to Join the Scoreboard
Show All
Scores
Hide
Comments
May contain spoilers
Recently Published
1-10 Letter E Words III
by El_Dandy
Language
2m
Street Fighter Characters
by Artimus82
Gaming
60s
College Basketball Coaching Resumes
by pancakes188
Sports
9m
More to Explore
Quiz From the Vault
Featured Blog Post
Where Did the Easter Bunny Come From?
hide this ad
You Might Also Like...
Tags
Boy Groups
Kpop Quiz
Today's Top Quizzes in Music
Browse Music
hide this ad
Today's Top Quizzes in Kpop Quiz
Browse Kpop Quiz
Top Contributed Quizzes in Music
1
Taylor Swift All Songs (2024)
2
Taylor Swift Logic Puzzle
3
Guess the Artist- 70s Songs
4
7-to-1: Billboard Hot 100 #1 Hits of 2010s
5
Sorting Albums and Songs
6
KPOP LOGIC QUIZ
7
Billboard Blitz: Aretha Franklin
8
Guess the Taylor Swift song (Mystery Song)
9
Guess The Taylor Swift Lyrics Song #1
10
Billboard Blitz: ABBA
Explore More
Trending Topics
Harry Potter
Anime
Marvel
NBA
Disney
Kpop
Crossword
Country
Pokémon
Song
Puzzle
The Office
NFL
Soccer
WWE
hide this ad
More By:
Saff
Quiz
Plays
Rating
Category
Featured
Created
How well do you know your k-pop boybands?
1,239
3.20
Music
Nov 14, 2012
Go to Creator's Profile
Score Distribution
Quiz Creator Spotlight
Saff
Follow
Send a Message
Quizzes Created
-
Created Quiz Play Count
-
More By This Creator
Popular Quizzes Today
1
Find the US States - No Outlines Minefield
2
Find the Countries of Europe - No Outlines Minefield
3
The Countries of the World
4
Find the US States
5
Risky Map Clicking: Biggest States A-Z
6
US States
7
Popular People in 1961
8
Movies - When Are They Set?
More Music Quizzes
10 to 1: Taylor Swift Album Lyrics - Fearless
Quiz Lab
Trending Quizzes
Risky Map Clicking: Least Populous States A-Z
1-10 Letter G Words
USA Borders Longest to Shortest
1-10 Letter F Words
Countries of the World: 200 Million BC
Recently Updated
Leaping Animals
pecheneg
Reality TV Shows (A-Z)
bhenderson79
Rickey Henderson's Hall of Fame Teammates
pecheneg
Champions League XIs: Arsenal
pecheneg
Quick Pick: Celebrities in WWE's Hall of Fame
aduchscher
A-Z Keypad Blitz II
pecheneg
Multiple Oscar Actors
pecheneg
Mystery Phrase Blitz: Oscar 'Best Actors'
pecheneg
F. Scott Fitzgerald Novels
LTH
Pick 3 Villains
ddd62291
Trending Topics
Disney
Crossword
NBA
Anime
Marvel
Harry Potter
Kpop
Soccer
Country
Pokémon
NFL
The Office
WWE
Song
Puzzle
Your Account Isn't Verified!
In order to create a playlist on Sporcle, you need to verify the email address you used during registration. Go to your
Sporcle Settings
to finish the process.
Report this User
Report this user for behavior that violates our
Community Guidelines
.
Details:
Send Report
Go to the Sporcle.com Mobile Site →
Comments